000 00524nam a2200193Ia 4500
005 20250508165713.0
008 008 250505s9999 xx 000 0 eng d
037 _aTextual
040 _aFEDL
_beng
_cFEDL
041 _aeng
_2eng
084 _a510, SCH/O
_qFEDL
245 0 _a100 math : problem kids nedd to do by 3rd grade
260 _aNew York, USA
_bScholastic Inc.
_c2004
300 _a32p.
365 _aUSD
_b2.67
546 _aC.S.E.C
942 _cTEXL
_h510, SCH/O
999 _c1396869
_d1396869